<?xml version="1.0" encoding="UTF-8"?><?xml-stylesheet type="text/xsl" href="static/style.xsl"?><OAI-PMH xmlns="http://www.openarchives.org/OAI/2.0/" xmlns:xsi="http://www.w3.org/2001/XMLSchema-instance" xsi:schemaLocation="http://www.openarchives.org/OAI/2.0/ http://www.openarchives.org/OAI/2.0/OAI-PMH.xsd"><responseDate>2026-04-17T07:47:24Z</responseDate><request verb="GetRecord" identifier="oai:www.recercat.cat:10230/60713" metadataPrefix="marc">https://recercat.cat/oai/request</request><GetRecord><record><header><identifier>oai:recercat.cat:10230/60713</identifier><datestamp>2025-12-12T04:24:59Z</datestamp><setSpec>com_2072_6</setSpec><setSpec>col_2072_452952</setSpec></header><metadata><record xmlns="http://www.loc.gov/MARC21/slim" xmlns:dcterms="http://purl.org/dc/terms/" xmlns:xsi="http://www.w3.org/2001/XMLSchema-instance" xmlns:doc="http://www.lyncode.com/xoai" xsi:schemaLocation="http://www.loc.gov/MARC21/slim http://www.loc.gov/standards/marcxml/schema/MARC21slim.xsd">
   <leader>00925njm 22002777a 4500</leader>
   <datafield ind2=" " ind1=" " tag="042">
      <subfield code="a">dc</subfield>
   </datafield>
   <datafield ind2=" " ind1=" " tag="720">
      <subfield code="a">Aguilar Lacasaña, Sofía</subfield>
      <subfield code="e">author</subfield>
   </datafield>
   <datafield ind2=" " ind1=" " tag="720">
      <subfield code="a">Castro, Montserrat de</subfield>
      <subfield code="e">author</subfield>
   </datafield>
   <datafield ind2=" " ind1=" " tag="720">
      <subfield code="a">Dadvand, Payam</subfield>
      <subfield code="e">author</subfield>
   </datafield>
   <datafield ind2=" " ind1=" " tag="720">
      <subfield code="a">Escribà Montagut, Xavier</subfield>
      <subfield code="e">author</subfield>
   </datafield>
   <datafield ind2=" " ind1=" " tag="720">
      <subfield code="a">Fossati, Serena</subfield>
      <subfield code="e">author</subfield>
   </datafield>
   <datafield ind2=" " ind1=" " tag="720">
      <subfield code="a">González, Juan Ramón</subfield>
      <subfield code="e">author</subfield>
   </datafield>
   <datafield ind2=" " ind1=" " tag="720">
      <subfield code="a">Nieuwenhuijsen, Mark J.</subfield>
      <subfield code="e">author</subfield>
   </datafield>
   <datafield ind2=" " ind1=" " tag="720">
      <subfield code="a">Vrijheid, Martine</subfield>
      <subfield code="e">author</subfield>
   </datafield>
   <datafield ind2=" " ind1=" " tag="720">
      <subfield code="a">Bustamante Pineda, Mariona</subfield>
      <subfield code="e">author</subfield>
   </datafield>
   <datafield ind2=" " ind1=" " tag="260">
      <subfield code="c">2024-07-10T06:20:28Z</subfield>
   </datafield>
   <datafield ind2=" " ind1=" " tag="260">
      <subfield code="c">2024-07-10T06:20:28Z</subfield>
   </datafield>
   <datafield ind2=" " ind1=" " tag="260">
      <subfield code="c">2024</subfield>
   </datafield>
   <datafield ind2=" " ind1=" " tag="520">
      <subfield code="a">Green space exposure has been associated with improved mental, physical and general health. However, the underlying biological mechanisms remain largely unknown. The aim of this study was to investigate the association between green space exposure and cord and child blood DNA methylation. Data from eight European birth cohorts with a total of 2,988 newborns and 1,849 children were used. Two indicators of residential green space exposure were assessed: (i) surrounding greenness (satellite-based Normalized Difference Vegetation Index (NDVI) in buffers of 100 m and 300 m) and (ii) proximity to green space (having a green space ≥ 5,000 m2 within a distance of 300 m). For these indicators we assessed two exposure windows: (i) pregnancy, and (ii) the period from pregnancy to child blood DNA methylation assessment, named as cumulative exposure. DNA methylation was measured with the Illumina 450K or EPIC arrays. To identify differentially methylated positions (DMPs) we fitted robust linear regression models between pregnancy green space exposure and cord blood DNA methylation and between cumulative green space exposure and child blood DNA methylation. Two sensitivity analyses were conducted: (i) without adjusting for cellular composition, and (ii) adjusting for air pollution. Cohort results were combined through fixed-effect inverse variance weighted meta-analyses. Differentially methylated regions (DMRs) were identified from meta-analysed results using the Enmix-combp and DMRcate methods. There was no statistical evidence of pregnancy or cumulative exposures associating with any DMP (False Discovery Rate, FDR, p-value &amp;lt; 0.05). However, surrounding greenness exposure was inversely associated with four DMRs (three in cord blood and one in child blood) annotated to ADAMTS2, KCNQ1DN, SLC6A12 and SDK1 genes. Results did not change substantially in the sensitivity analyses. Overall, we found little evidence of the association between green space exposure and blood DNA methylation. Although we identified associations between surrounding greenness exposure with four DMRs, these findings require replication.</subfield>
   </datafield>
   <datafield ind2=" " ind1=" " tag="520">
      <subfield code="a">This work was supported by the European Union’s Horizon 2020 research and innovation program − ATHLETE project [grant number 874583], LIFECYCLE project [grant number 733206], LongITools project [grant number 874739] and HELIX project [grant number 308333]. Sofía Aguilar-Lacasaña was funded by the FI-AGAUR Predoctoral contract [2023 FI-2 00797]. ISGlobal acknowledges support from the Spanish Ministry of Science and Innovation and State Research Agency through the “Centro de Excelencia Severo Ochoa 2019–2023” Program [CEX2018-000806-S] and Fondo Europeo de Desarrollo Regional, UE [PID2021-122855OB-I00], and support from the Generalitat de Catalunya through the CERCA Program and Ministery of Research and Universities [2021 SGR 01563]. Details of funding for each study and for contributions of individual studies can be found in Appendix B: Supplementary methods. No funders listed here or in Appendix B influenced the study aim, design, analysis or interpretation of results. The results expressed here are those of the authors and not necessarily any listed funder.</subfield>
   </datafield>
   <datafield tag="653" ind2=" " ind1=" ">
      <subfield code="a">Child blood</subfield>
   </datafield>
   <datafield tag="653" ind2=" " ind1=" ">
      <subfield code="a">Cord blood</subfield>
   </datafield>
   <datafield tag="653" ind2=" " ind1=" ">
      <subfield code="a">DMP</subfield>
   </datafield>
   <datafield tag="653" ind2=" " ind1=" ">
      <subfield code="a">DMR</subfield>
   </datafield>
   <datafield tag="653" ind2=" " ind1=" ">
      <subfield code="a">DNA methylation</subfield>
   </datafield>
   <datafield tag="653" ind2=" " ind1=" ">
      <subfield code="a">Green space</subfield>
   </datafield>
   <datafield ind2="0" ind1="0" tag="245">
      <subfield code="a">Green space exposure and blood DNA methylation at birth and in childhood - A multi-cohort study</subfield>
   </datafield>
</record></metadata></record></GetRecord></OAI-PMH>